000 00732cab a2200253 4500
001 X357
008 090401t1993 xxu||||| |||| 00| 0 eng d
035 _a(Sirsi) u65258
041 _aeng
245 _aIncrease in entries expected for 1993 RICS Awards
260 _c1993
350 _a0
490 _aCS Monthly
_bthe Building Surveyor
_v2(4) January 1993, 2(1)
650 _aBUILDING CONSERVATION
650 _aCONSERVATION FOR THE COUNTRYSIDE
650 _aCRAFTSMANSHIP IN BUILDING CONSERVATION
650 _aEFFICIENT BUILDING
650 _aGREENING THE CITY
650 _aABOUT RICS-RICS AWARDS
650 _aURBAN RENEWAL
690 _aENVIRONMENTAL AND LAND CONSULTANCY
942 _n0
948 _c04/03/1997
999 _c40693
_d40693